Megaliving: From The Monk Who Sold His Ferrari. (Record no. 95534)

MARC details
000 -LEADER
fixed length control field 00562nam a2200217Ia 4500
005 - DATE AND TIME OF LATEST TRANSACTION
control field 20251121201137.0
008 - FIXED-LENGTH DATA ELEMENTS--GENERAL INFORMATION
fixed length control field 230125s9999 xx 000 0 und d
020 ## - INTERNATIONAL STANDARD BOOK NUMBER
International Standard Book Number 9788172246143
041 ## - LANGUAGE CODE
Language code of text/sound track or separate title eng
082 ## - DEWEY DECIMAL CLASSIFICATION NUMBER
Classification number 158.1
Item number SHA
100 ## - MAIN ENTRY--PERSONAL NAME
Author Sharma R
245 ## - TITLE STATEMENT
Title Megaliving: From The Monk Who Sold His Ferrari.
260 ## - PUBLICATION, DISTRIBUTION, ETC.
Date of publication, distribution, etc. 2017
Name of publisher, distributor, etc. Jaico Publishing House.
Place of publication, distribution, etc. Delhi
300 ## - PHYSICAL DESCRIPTION
Extent 163p
440 ## - SERIES STATEMENT/ADDED ENTRY--TITLE
Volume/sequential designation 1
500 ## - GENERAL NOTE
Keywords Personality Development
650 ## - SUBJECT ADDED ENTRY--TOPICAL TERM
Topical term or geographic name entry element Personality Development
700 ## - ADDED ENTRY--PERSONAL NAME
Personal name Sharma R
942 ## - ADDED ENTRY ELEMENTS (KOHA)
Koha item type Books
906 ## - LOCAL DATA ELEMENT F, LDF (RLIN)
b 29
Holdings
Withdrawn status Lost status Damaged status Not for loan Home library Current library Date acquired Vendor Net Price Bill number Total Checkouts Full call number Barcode Date last seen Actual Price Bill Date Koha item type Original Barcode Source of classification or shelving scheme
        Cummins College of Engineering for Women Nagpur Cummins College of Engineering for Women Nagpur 13/07/2023 Foster Reads       158.1 SHA CEWN-CB-0110 13/07/2023   13/07/2023     Dewey Decimal Classification
        Smt. Hiraben Nanavati Institute of Management & Research for Women Smt. Hiraben Nanavati Institute of Management & Research for Women 14/03/2018 Pritam Book Centre 199.00 10570   158.1 SHA B16638 HIMR-BK-16638 25/01/2023 170.00 10/03/2018 Books B16638